000 01227cam a2200325 i 4500
001 3315622
003 EG-ScBUE
005 20250127092526.0
008 841211t1985 enka f b 001 0 eng d
020 _a9780521270953
020 _a0521270952 (pbk.)
040 _aDLC
_beng
_erda
_cDLC
_dDLC
_dEG-ScBUE
082 0 4 _a530.028
_222
_bSQU
100 1 _aSquires, G. L.
_q(Gordon Leslie)
_eauthor.
_96316
245 1 0 _aPractical physics /
_cG. L. Squires, lecturer in physics at the University of Cambridge and Fellow of Trinity College, Cambridge.
250 _aThird edition.
264 1 _aCambridge :
_bCambridge University Press,
_c[1985]
264 4 _cc1985
300 _axii, 215 pages :
_billustrations ;
_c24 cm
336 _2rdacontent
_atext
_btxt
337 _aunmediated
_2rdamedia
_bn
338 _avolume
_bnc
_2rdacarrier
504 _aIncludes bibliographical references and index.
650 7 _aPhysics
_xExperiments.
_2BUEsh
_96317
650 7 _aPhysics
_xMethodology.
_2BUEsh
_96318
655 _vReading book
856 4 2 _3Publisher description
_uhttp://www.loc.gov/catdir/description/cam022/84029196.html
856 4 1 _3Table of contents
_uhttp://www.loc.gov/catdir/toc/cam028/84029196.html
942 _2ddc
_cBB
999 _c11868
_d11868